[Event "Scarborough CC-ch Reserves U1700"]
[Site "Toronto"]
[Date "2010.02.25"]
[Round "1"]
[White "Vora, Hanz"]
[Black "Walker, Johnny"]
[Result "0-1"]
[WhiteElo "1194"]
[BlackElo "1503"]
[PlyCount "104"]
[EventDate "2010.02.25"]
[EventType "swiss"]
[EventRounds "9"]
[EventCountry "CAN"]
[SourceTitle "EXT 2022"]
[Source "ChessBase"]
[SourceDate "2021.10.06"]
[SourceVersion "1"]
[SourceVersionDate "2021.10.06"]
[SourceQuality "1"]

1. e4 d6 2. d4 Nf6 3. Nc3 Nbd7 4. Nf3 e5 5. Bg5 Be7 6. Bb5 0-0 7. 0-0 a6 8. Ba4 c6 9. Re1 h6 10. Bh4 Qc7 11. Qd2 a5 12. a3 b5 13. Bb3 a4 14. Ba2 Nb6 15. Rad1 Nc4 16. Bxc4 bxc4 17. h3 Be6 18. d5 cxd5 19. exd5 Bd7 20. Ne4 Nxe4 21. Rxe4 Bf5 22. Bxe7 Bxe4 23. Bxf8 Rxf8 24. Qe2 Bh7 25. c3 Bd3 26. Qe3 Qa5 27. Ne1 Qxd5 28. Nxd3 e4 29. Qd4 Qxd4 30. cxd4 exd3 31. Kf1 Re8 32. Rc1 d5 33. Re1 Kf8 34. Rxe8+ Kxe8 35. Ke1 Ke7 36. f4 Kf6 37. g4 Kg6 38. Kd2 f5 39. b4 axb3 40. a4 b2 41. Ke3 b1Q 42. a5 Qe1+ 43. Kf3 Qxa5 44. gxf5+ Kxf5 45. Kg3 Qe1+ 46. Kf3 Qe2+ 47. Kg3 Qe3+ 48. Kg2 Kxf4 49. h4 Qf3+ 50. Kg1 Qe2 51. h5 Kg3 52. Kh1 Qh2# 0-1

[Event "Toronto Howard Ridout op U1700"]
[Site "Toronto"]
[Date "2009.10.08"]
[Round "5"]
[White "Al Ganabi, Zaidun"]
[Black "Vora, Hanz"]
[Result "1-0"]
[WhiteElo "1360"]
[BlackElo "1090"]
[PlyCount "107"]
[EventDate "2009.09.10"]
[EventType "swiss"]
[EventRounds "8"]
[EventCountry "CAN"]
[SourceTitle "EXT 2011"]
[Source "ChessBase"]
[SourceDate "2010.11.26"]
[SourceVersion "1"]
[SourceVersionDate "2010.11.26"]
[SourceQuality "1"]

1. e4 e5 2. Nf3 Nc6 3. Bc4 Nf6 4. Ng5 d5 5. exd5 Nd4 6. c3 b5 7. cxd4 bxc4 8. dxe5 Nxd5 9. Nf3 Bg4 10. Qa4+ Qd7 11. Qxd7+ Kxd7 12. Ng5 Ke8 13. 0-0 Be7 14. Ne4 Rb8 15. Nbc3 Nxc3 16. dxc3 Bf5 17. Ng3 Bd3 18. Re1 Kd7 19. Nh5 g6 20. Nf4 Rhd8 21. Nd5 c6 22. Nxe7 Kxe7 23. Bg5+ Ke6 24. Bxd8 Rxd8 25. Rad1 Rb8 26. Rd2 Rb5 27. f4 Kf5 28. g3 h5 29. b3 Rc5 30. bxc4 Bxc4 31. Re3 a5 32. h3 f6 33. exf6 Kxf6 34. Rd6+ Kf5 35. Re5+ Rxe5 36. fxe5 Bxa2 37. Rxc6 a4 38. Rc5 a3 39. Ra5 Bc4 40. Rxa3 Kxe5 41. Kf2 Ke4 42. Ra4 Kd3 43. Rxc4 Kxc4 44. Kf3 Kxc3 45. Kf4 Kd3 46. Kg5 Ke3 47. Kxg6 Kf3 48. Kxh5 Kxg3 49. h4 Kf4 50. Kg6 Ke5 51. h5 Ke6 52. h6 Ke7 53. h7 Ke6 54. h8Q 1-0